00830nam a22002297a 450000500170000001000130001702000230003003500130005303700160006604000120008208200180009410000210011224500670013326000450020027000750024530000280032065000330034865000440038194200270042599900190045295201290047120170124110002.0 aB-209649 c350.00a8172201400 aB-209649 bCen Lib/Ret aDPLbEN a364.1323bBHU aBhure Lal973574 aCorruption :cby Bhure Lalbfunctional anarchy in governance / aNew DelhibSiddharth Publications c2002 bNew Delhia10, DSIDC Scheme II, Okhla Industrial Area Phase IIe110020 ax,239p.c22cm(Hb)bill. aPolitical corruption. 95961 a Political corruption -- India. 916040 2ddccENh364.1323mBHU c125939d125939 00104070aLbLd2015-06-24eCen Lib/Retg350.00l0o364.1323 BHUpB-209649r2015-06-24 00:00:00t1v350.00w2016-09-15yEN